Luis Diaz Goals - Statistics

General Stats
  • This quiz has been taken 7 times
    6 since last reset
  • The average score is 11 of 20
Answer Stats
Goals Current League Team % Correct
2 Premier League Chelsea
100%
2 Premier League Arsenal
67%
1 Primeira Liga Benfica
67%
5 Premier League Bournemouth
67%
3 Premier League Brighton
67%
2 Premier League Fulham
67%
2 League One Luton Town
67%
4 Premier League Manchester Utd
67%
1 Championship Norwich
67%
1 Czech First League Sparta Prague
67%
5 Premier League Tottenham
67%
2 Premier League West Ham
67%
1 Premier League Wolves
67%
3 Bundesliga Bayer Leverkusen
33%
1 Premier League Brentford
33%
1 Premier League Crystal Palace
33%
2 Austrian Bundesliga LASK
33%
1 Serie A Napoli
33%
1 La Liga Villarreal
33%
1 Premier League Burnley
0%
No matching quizzes found
Score Distribution
Percent of People with Each Score
Percentile by Number Answered
Your Score History
You have not taken this quiz since the last reset